Contributions to the theory of partial differential equations /

Guardado en:
Autor Corporativo: Conference on Partial Differential Equations
Otros Autores: Bergman, Stefan, 1898-, Bers, Lipman. (Editor ), Bochner, S. 1899- (Editor ), John, Fritz, 1910- (Editor )
Formato: Libro
Idioma:English
Publicado: Princeton, New Jersey : Princeton University Press, 1954.
Series:Annals of mathematics studies ; no. 33
Etiquetas: Agregar Etiqueta
Sin Etiquetas, Sea el primero en etiquetar este registro!
LEADER 01012nam a22002175a 4500
001 MAT.inmabb001522
008 031124s1954####nju###########100#0#eng#d
005 20130306151725.0
245 0 0 |a Contributions to the theory of partial differential equations /  |c S. Bergman ... [et al.] ; edited by L. Bers, S. Bochner and F. John. 
260 |a Princeton, New Jersey :  |b Princeton University Press,  |c 1954. 
300 |a v, 257 p. ;  |c 26 cm. 
440 0 |a Annals of mathematics studies ;  |v no. 33 
500 |a "Papers ... read at the Conference on Partial Differential Equations, sponsored by the National Academy of Sciences, National Research Council, October 1952." 
700 1 |a Bergman, Stefan,  |d 1898- 
700 1 |a Bers, Lipman.  |4 edt 
700 1 |a Bochner, S.  |q (Salomon),  |d 1899-  |4 edt 
700 1 |a John, Fritz,  |d 1910-  |4 edt 
711 2 |a Conference on Partial Differential Equations  |d (1952 :  |c Arden House, Harriman, New York) 
084 |a 35-06  |2 msc2000 
010 |a  54005004  
859 |h 35  |i C764  |p A-1892  |b BIB. MATEMATICA